01783cam a22003015a 45000010009000000050017000090080041000260100017000670200038000840400033001220430012001550820023001671000032001902450065002222600060002873000035003474900036003825000024004185040032004425200606004746500074010806500074011546510062012286530021012909420008013119990017013199520145013361578996420160405130156.0090624t2010 enka frb f001 0 eng d a 2009025810 a9780195311068 (pbk. : alk. paper) aDLCbengcDLCdDLCdEG-ScBUE an-us---04a324.27327bNUG2221 aNugent, Walter T. K.93978410aProgressivism :ba very short introduction /cWalter Nugent. aOxford ;aNew York :bOxford University Press,cc.2010. a[xv], 144 p. :bill. ;c18 cm.0 aVery short introductions ;v223 aIndex : p. 136-144. aBibliography : p. 129-135.  aAfter decades of conservative dominance, the election of Barack Obama may signal the beginning of a new progressive era. But what exactly is progressivism? What role has it played in the political, social, and economic history of America? This very timely Very Short Introduction offers an engaging overview of progressivism in America--its origins, guiding principles, major leaders and major accomplishments. A many-sided reform movement that lasted from the late 1890s until the early 1920s, progressivism emerged as a response to the excesses of the Gilded Age, an era that plunged working Americ. 0aProgressivism (United States politics)xHistoryy19th century.2BUEsh 0aProgressivism (United States politics)xHistoryy20th century.2BUEsh 0aUnited StatesxPolitics and governmenty1865-1933.2BUEsh bEEENGcApril2016 2ddc c21589d21561 00102ddc40708Modern A. aMAINbMAINc1STd2016-04-05ePurchaseg84.00h229l0o324.27327 NUGp000032285r2025-07-15 00:00:00v105.00yBB